000 00418nam a2200193Ia 4500
005 20240823034947.0
008 240823s9999||||xx |||||||||||||| ||und||
020 _a0-553-22536-7
041 _aENGLISH
082 _A843.914 N1
100 _aElie Wiesel
245 0 _aDawn
250 _a1st
260 _c1961
_b"Bantam Books,L"
500 _aYES
650 _aNovel
_bEnglish
942 _cBK
999 _c199540
_d199540